| 000 | 00610nam a22002057a 4500 | ||
|---|---|---|---|
| 005 | 20180723144456.0 | ||
| 010 | _aB-698568 | ||
| 020 |
_a9789352864867 _c749.00 |
||
| 035 | _aB-698568 | ||
| 037 | _bRK Books | ||
| 082 |
_25th Edition _a657 |
||
| 100 | _aPathak,V Bharati | ||
| 245 |
_aIndian Financial System/ _cBharati V. Pathak |
||
| 250 | _a5th Edition | ||
| 260 |
_aUP Noida _bPearson Education Services pvt. Lid. _c2018 |
||
| 270 |
_aplot No-1,Block-C,Sector-16 _bUP Noida _e201301 |
||
| 300 |
_a863p. _c28 c.m. (pbk) |
||
| 500 | _aIndex | ||
| 942 |
_2ddc _cEN _e5th Editon _h657 _mPAT |
||
| 999 |
_c154618 _d154618 |
||